LIBRARY & INFORMATION CENTRE, KCAET, TAVANUR

ONLINE PUBLIC ACCESS CATALOGUE (OPAC)

Auto electics / (Record no. 5732)

MARC details
000 -LEADER
fixed length control field 00438cam a2200181ua 4500
003 - CONTROL NUMBER IDENTIFIER
control field OSt
008 - FIXED-LENGTH DATA ELEMENTS--GENERAL INFORMATION
fixed length control field 250823b |||||||| |||| 00| 0 eng d
020 ## - INTERNATIONAL STANDARD BOOK NUMBER
ISBN 0-408-01498-9
041 ## - LANGUAGE CODE
Language code of text/sound track or separate title eng
082 ## - DEWEY DECIMAL CLASSIFICATION NUMBER
Classification number 629.287
Item number JOS/AU
100 ## - MAIN ENTRY--AUTHOR NAME
Personal name Joselyn, Joss .
245 ## - TITLE STATEMENT
Title Auto electics /
250 ## - EDITION STATEMENT
Edition statement 2 /
260 ## - PUBLICATION, DISTRIBUTION, ETC. (IMPRINT)
Place of publication London :
Name of publisher Newness Technical books ,
Year of publication 1984.
300 ## - PHYSICAL DESCRIPTION
Number of Pages 140 ; .
700 1# - ADDED ENTRY--PERSONAL NAME
Personal name Krafft, Bob .
942 ## - ADDED ENTRY ELEMENTS (KOHA)
Koha item type Books
Holdings
Withdrawn status Lost status Damaged status Home library Current library Date acquired Full call number Accession Number Koha item type
      KAUAET KAUAET 09/03/1987 629.287 JOS/AU 16059 Books
free website counter